<?xml version="1.0" encoding="UTF-8"?>
<record
    xmlns:xsi="http://www.w3.org/2001/XMLSchema-instance"
    xsi:schemaLocation="http://www.loc.gov/MARC21/slim http://www.loc.gov/standards/marcxml/schema/MARC21slim.xsd"
    xmlns="http://www.loc.gov/MARC21/slim">

  <leader>01418nam a2200277Ia 4500</leader>
  <datafield tag="952" ind1=" " ind2=" ">
    <subfield code="0">0</subfield>
    <subfield code="1">0</subfield>
    <subfield code="4">0</subfield>
    <subfield code="7">0</subfield>
    <subfield code="a">03</subfield>
    <subfield code="b">03</subfield>
    <subfield code="d">2001-05-15</subfield>
    <subfield code="l">2</subfield>
    <subfield code="o">LB1028 B418 1982</subfield>
    <subfield code="p">03 005701</subfield>
    <subfield code="r">2013-11-21</subfield>
    <subfield code="s">2013-11-20</subfield>
    <subfield code="t">1</subfield>
    <subfield code="w">2012-07-20</subfield>
    <subfield code="y">LB</subfield>
  </datafield>
  <datafield tag="952" ind1=" " ind2=" ">
    <subfield code="0">0</subfield>
    <subfield code="1">0</subfield>
    <subfield code="4">0</subfield>
    <subfield code="7">0</subfield>
    <subfield code="a">03</subfield>
    <subfield code="b">03</subfield>
    <subfield code="d">2009-05-19</subfield>
    <subfield code="l">8</subfield>
    <subfield code="o">LB1028 B418 1982</subfield>
    <subfield code="p">03 005812</subfield>
    <subfield code="r">2014-12-01</subfield>
    <subfield code="s">2014-11-29</subfield>
    <subfield code="t">3</subfield>
    <subfield code="w">2012-07-20</subfield>
    <subfield code="y">LB</subfield>
  </datafield>
  <datafield tag="952" ind1=" " ind2=" ">
    <subfield code="0">0</subfield>
    <subfield code="1">0</subfield>
    <subfield code="4">0</subfield>
    <subfield code="7">0</subfield>
    <subfield code="a">03</subfield>
    <subfield code="b">03</subfield>
    <subfield code="d">2008-03-31</subfield>
    <subfield code="l">0</subfield>
    <subfield code="o">LB1028 B418 1982</subfield>
    <subfield code="p">03 006189</subfield>
    <subfield code="r">2012-07-20</subfield>
    <subfield code="t">2</subfield>
    <subfield code="w">2012-07-20</subfield>
    <subfield code="y">LB</subfield>
  </datafield>
  <datafield tag="999" ind1=" " ind2=" ">
    <subfield code="c">80910</subfield>
    <subfield code="d">80910</subfield>
  </datafield>
  <controlfield tag="008">120720s19741982sp ad         000 0 spa d</controlfield>
  <datafield tag="020" ind1=" " ind2=" ">
    <subfield code="a">8471120992</subfield>
  </datafield>
  <datafield tag="050" ind1=" " ind2=" ">
    <subfield code="a">LB1028 </subfield>
    <subfield code="b">B418 1982</subfield>
  </datafield>
  <datafield tag="100" ind1=" " ind2=" ">
    <subfield code="a">Best, John W.</subfield>
    <subfield code="e">autor</subfield>
  </datafield>
  <datafield tag="240" ind1=" " ind2=" ">
    <subfield code="a">Research in education</subfield>
    <subfield code="l">espa&#xF1;ol</subfield>
  </datafield>
  <datafield tag="245" ind1=" " ind2=" ">
    <subfield code="a">C&#xF3;mo Investigar en Educaci&#xF3;n </subfield>
    <subfield code="c"> / John W. Best</subfield>
  </datafield>
  <datafield tag="250" ind1=" " ind2=" ">
    <subfield code="a">9a. edici&#xF3;n </subfield>
  </datafield>
  <datafield tag="260" ind1=" " ind2=" ">
    <subfield code="a">Espa&#xF1;a </subfield>
    <subfield code="b"> : Morata  </subfield>
    <subfield code="c">, 1982</subfield>
  </datafield>
  <datafield tag="300" ind1=" " ind2=" ">
    <subfield code="a">504 p&#xE1;ginas</subfield>
    <subfield code="b"> : ilustraciones, gr&#xE1;ficas</subfield>
  </datafield>
  <datafield tag="336" ind1=" " ind2=" ">
    <subfield code="a">texto</subfield>
  </datafield>
  <datafield tag="337" ind1=" " ind2=" ">
    <subfield code="a">sin medio</subfield>
  </datafield>
  <datafield tag="338" ind1=" " ind2=" ">
    <subfield code="a">volumen</subfield>
  </datafield>
  <datafield tag="500" ind1=" " ind2=" ">
    <subfield code="a">Incluye: &#xED;ndice de materias (pp.495-504)  
Incluye: &#xED;ndice de autores (pp.507-510)</subfield>
  </datafield>
  <datafield tag="505" ind1=" " ind2=" ">
    <subfield code="a">El significado de la investigaci&#xF3;n
Selecci&#xF3;n del problema
Uso de referencias
La investigaci&#xF3;n hist&#xF3;rica
Investigaci&#xF3;n descriptiva
Investigacci&#xF3;n experimental
Instrumentos de la investigaci&#xF3;n
Interpretai&#xF3;n de los datos
An&#xE1;lisis estad&#xED;stico de los datos
An&#xE1;lisis deductivo de los datos
El informe de la investigaci&#xF3;n
Algunos estudios importnates de investigaci&#xF3;n
Orientaciones oficiales</subfield>
  </datafield>
  <datafield tag="519" ind1=" " ind2=" ">
    <subfield code="a">Plan Flexible /</subfield>
    <subfield code="b">Pedagog&#xED;a /</subfield>
    <subfield code="c">Metodolog&#xED;a de la Investigaci&#xF3;n (M01-1) /</subfield>
    <subfield code="d">(03 005701)</subfield>
  </datafield>
  <datafield tag="519" ind1=" " ind2=" ">
    <subfield code="a">Plan Flexible /</subfield>
    <subfield code="b">Pedagog&#xED;a /</subfield>
    <subfield code="c">Metodolog&#xED;a de la Investigaci&#xF3;n (M02-1) /</subfield>
    <subfield code="d">(03 005812)</subfield>
  </datafield>
  <datafield tag="519" ind1=" " ind2=" ">
    <subfield code="a">Material complementario /</subfield>
    <subfield code="d">(03 005812)</subfield>
  </datafield>
  <datafield tag="650" ind1="1" ind2="0">
    <subfield code="a">EDUCACI&#xD3;N</subfield>
    <subfield code="x">INVESTIGACI&#xD3;N</subfield>
  </datafield>
  <datafield tag="700" ind1=" " ind2=" ">
    <subfield code="a">Gonzalvo Mainar, Gonzalo</subfield>
    <subfield code="e">traductor</subfield>
  </datafield>
  <datafield tag="942" ind1=" " ind2=" ">
    <subfield code="c">LB</subfield>
  </datafield>
</record>
